00236 2200109 4500001002100000035002000021245003000041100001700071260001100088300000700099990002000106INLIS000000000002530 a0010-0824001291 aTimun Mas Diburu Buto Ijo aArni Windana bBening a84 a5062/BBTIV/2023